00606nam a2200157Ia 4500008004100000082002000041100001800061245001800079260003400097300000900131630001800140650012900158942000900287952013500296999001700431211109s9999||||xx |||||||||||||| ||und|| a894.812 bDOS-P aDostoyevsky,  0aPavappettavar bPrabhath BookaKottayamc1959 a243p xGeneral Stack aLiterature & rhetoricvLiteratures of other languagesAltaic, Uralic, Hyperborean & Dravidianmalayalam literature xMalayalam cBOOK 00102ddc4070aSBCLbSBCLc2d2021-11-09g100.00l1o894.8123 DOS-Pp00020215r2025-01-20 15:22:46s2025-01-16w2021-11-09yBOOK c19526d19526